| 000 | 00881nam a2200277 i 4500 | ||
|---|---|---|---|
| 001 | 15081 | ||
| 003 | ES-MaACL | ||
| 005 | 20250801063017.0 | ||
| 007 | t| | ||
| 008 | 991216s1998 sp ||||1| spa d | ||
| 020 | _a84-7900-094-5 | ||
| 080 | _a001(460)(091) | ||
| 100 | 1 |
_aVernet, Juan, _d1923-2011 _9114171 |
|
| 245 | 1 | 0 |
_aHistoria de la ciencia española / _cJuan Vernet Ginés. |
| 250 | _a1ª ed. | ||
| 260 |
_aBarcelona : _bAlta Fulla, _c1998. |
||
| 300 |
_a312 p., [16] p. de lám. ; _c24 cm. |
||
| 490 | 1 |
_aAd litteram ; _v7 |
|
| 534 |
_pReprod. facs. de la ed. de: _cMadrid : Instituto de España, Cátedra "Alfonso X el Sabio", 1975. |
||
| 650 | 4 |
_aCiencia- _zEspaña- _vHistoria. _910943 |
|
| 655 | 7 |
_2tgfbne _9226495 _aFacsímiles |
|
| 830 | 1 |
_aAd litteram ; _v7 _9179715 |
|
| 852 | 4 |
_aES-MaACL _jL-22402 |
|
| 942 | _2udc | ||
| 999 |
_c15081 _d15081 |
||